Machine Drawing (Record no. 8049)
[ view plain ]
| 000 -LEADER | |
|---|---|
| fixed length control field | 00323nam a2200133Ia 4500 |
| 008 - FIXED-LENGTH DATA ELEMENTS--GENERAL INFORMATION | |
| fixed length control field | 191201s2011 xx 000 0 und d |
| 082 ## - DEWEY DECIMAL CLASSIFICATION NUMBER | |
| Classification number | 621.815 |
| Item number | BHM |
| 100 ## - MAIN ENTRY--PERSONAL NAME | |
| Personal name | BHATT, ND |
| 245 #0 - TITLE STATEMENT | |
| Title | Machine Drawing |
| 250 ## - EDITION STATEMENT | |
| Edition statement | 46th Rep |
| 260 ## - PUBLICATION, DISTRIBUTION, ETC. (IMPRINT) | |
| Date of publication, distribution, etc | 2011 |
| Name of publisher, distributor, etc | Charotar Pubg. House, Anand |
| Place of publication, distribution, etc | NEW DELHI |
| 300 ## - PHYSICAL DESCRIPTION | |
| Extent | 350 |
| 942 ## - ADDED ENTRY ELEMENTS (KOHA) | |
| Source of classification or shelving scheme | Dewey Decimal Classification |
| Koha item type | Text Books |
| Withdrawn status | Lost status | Source of classification or shelving scheme | Damaged status | Not for loan | Collection code | Home library | Current library | Date acquired | Source of acquisition | Cost, normal purchase price | Bill Number | Total Checkouts | Full call number | Acc. no. / Barcode | Date last seen | Bill Date | Koha item type |
|---|---|---|---|---|---|---|---|---|---|---|---|---|---|---|---|---|---|
| Dewey Decimal Classification | Diploma in Mechanical | PIET C-LIBRARY | PIET C-LIBRARY | 07/07/2012 | IBH, New Delhi | 110.00 | 5187 | 621.815 BHM | DE231 | 04/12/2019 | 07/07/2012 | Text Books | |||||
| Dewey Decimal Classification | Diploma in Mechanical | PIET C-LIBRARY | PIET C-LIBRARY | 07/07/2012 | IBH, New Delhi | 110.00 | 5187 | 621.815 BHM | DE232 | 04/12/2019 | 07/07/2012 | Text Books | |||||
| Dewey Decimal Classification | Diploma in Mechanical | PIET C-LIBRARY | PIET C-LIBRARY | 07/07/2012 | IBH, New Delhi | 110.00 | 5187 | 621.815 BHM | DE233 | 04/12/2019 | 07/07/2012 | Text Books | |||||
| Dewey Decimal Classification | Diploma in Mechanical | PIET C-LIBRARY | PIET C-LIBRARY | 07/07/2012 | IBH, New Delhi | 110.00 | 5187 | 621.815 BHM | DE234 | 04/12/2019 | 07/07/2012 | Text Books | |||||
| Dewey Decimal Classification | Diploma in Mechanical | PIET C-LIBRARY | PIET C-LIBRARY | 07/07/2012 | IBH, New Delhi | 110.00 | 5187 | 621.815 BHM | DE235 | 04/12/2019 | 07/07/2012 | Text Books | |||||
| Dewey Decimal Classification | Diploma in Mechanical | PIET C-LIBRARY | PIET C-LIBRARY | 07/07/2012 | IBH, New Delhi | 110.00 | 5187 | 621.815 BHM | DE236 | 04/12/2019 | 07/07/2012 | Text Books |